Introducción al cancionero de Miguel de Unamuno

Salvato in:
Dettagli Bibliografici
Autore principale: Kock, Josse de
Natura: Libro
Lingua:Undetermined
Pubblicazione: Madrid, España Gredos 1968
Soggetti:
Tags: Aggiungi Tag
Nessun Tag, puoi essere il primo ad aggiungerne!!

MARC

LEADER 00000nam a2200000Ia 4500
008 170316s9999 xx 000 0 und d
090 |a 801 K-6i 
100 |a Kock, Josse de 
245 |a Introducción al cancionero de Miguel de Unamuno 
260 |a Madrid, España 
260 |b Gredos 
260 |c 1968 
300 |a 195 páginas 
650 |a TEORÍA LITERARIA 
650 |a LITERATURA ESPAÑOL-POESÍA 
650 |a EL MANUSCRITO 
650 |a POEMAS 
650 |a MIGUEL UNAMUNO 
650 |a EL RITMO 
999 |c 20397  |d 20397 
040 |a cru BVZT 
942 |c 15 D  |h 801 K-6i  |2 z